Statistics for Famous People Named John - Picture Quiz

Click here to take the quiz!

General Stats

  • This quiz has been taken 77 times
  • The average score is 9 of 16

Answer Stats

Answer% Correct
John F. Kennedy
98%
John Lennon
95%
John Travolta
86%
John Cena
72%
John Legend
71%
John Wayne
69%
John Adams
66%
John Mccain
60%
John Stamos
52%
John Krasinski
50%
John Wayne Gacy
45%
John Williams
45%
John Mayer
36%
John Oliver
31%
John D. Rockefeller
19%
John Stones
19%

Score Distribution

Percentile by Number Answered

Percent of People with Each Score

Your Score History

You have not taken this quiz